| 000 | 00910aam a2200313 i 4500 | ||
|---|---|---|---|
| 001 | 768714001 | ||
| 003 | CO-MdFUSB | ||
| 005 | 20250516104734.0 | ||
| 007 | ta | ||
| 008 | 250515t1976 ag ||||| |||| 00| 0 spa d | ||
| 020 | _a0-311-09099 | ||
| 040 | _cCO-MdFUSB | ||
| 041 | 0 | _aspa | |
| 082 | 0 | 4 |
_223 _a248.1 _bH237m |
| 100 | 1 |
_aHaney, David _eautor |
|
| 240 | _aThe idea of the laity | ||
| 245 | 1 | 0 |
_aEl ministerio de todo creyente _c/ David Haney ; traducido por Guillermo Kraetzig |
| 264 | 1 |
_bJunta Bautista de Publicaciones, _aBuenos Aires, Argentina : _c[1976] |
|
| 264 | 4 | _c©1976 | |
| 300 | _a196 páginas | ||
| 336 |
_atexto _btxt _2rdacontent |
||
| 337 |
_2rdamedia _asin mediación _bn |
||
| 338 |
_2rdacarrier _avolumen _bnc |
||
| 563 | _aRústico | ||
| 650 | 1 | 0 |
_aVida cristiana _919 |
| 700 |
_aKratzig, Guillermo _98344 _etraductor |
||
| 942 | _cBK | ||
| 945 | _aElías Tolentino | ||
| 999 |
_c35609 _d35609 |
||